Every Birdman Song on the Billboard Hot 100 - Statistics

General Stats
  • This quiz has been taken 18 times
    14 since last reset
  • The average score is 5 of 18
Answer Stats
# Year Song % Correct
26 2009 Money To Blow ft. Lil Wayne & Drake
78%
38 2008 Pop Bottles ft. Lil Wayne
78%
90 2009 4 My Town (Play Ball) ft. Drake & Lil Wayne
44%
54 2009 Always Strapped ft. Lil Wayne
44%
45 2003 What Happened To That Boy ft. Clipse
44%
21 2006 Stuntin' Like My Daddy (Lil Wayne)
33%
36 1999 Bling Bling (B.G.) ft. Turk, Mannie Fresh, Juvenile & Lil Wayne
22%
33 2003 Do That... ft. Diddy
22%
64 2011 Fire Flame ft. Lil Wayne
22%
17 2003 Hell Yeah (Ginuwine)
22%
21 2010 I Made It (Cash Money Heroes) (Kevin Rudolf) ft. Jay Sean & Lil Wayne
22%
96 2001 Shine (Lil Wayne) ft. Mack 10 & Mickey
22%
44 2013 Tapout (Rich Gang) ft. Lil Wayne, Future, Mack Maine & Nicki Minaj
22%
68 2011 Y.U. Mad ft. Nicki Minaj & Lil Wayne
22%
14 2003 Let's Get Down (Bow Wow)
11%
70 2004 Still In Love (Teena Marie)
11%
89 2011 We'll Be Fine (Drake)
11%
51 2012 Ima Boss (Meek Mill) ft. T.I., Lil Wayne, DJ Khaled, Rick Ross & Swizz Beatz
0%
No matching quizzes found
Score Distribution
Percent of People with Each Score
Percentile by Number Answered
Your Score History
You have not taken this quiz since the last reset